| 000 | 01367 a2200217 4500 | ||
|---|---|---|---|
| 020 | _a0198506139 (hardcover) | ||
| 020 | _a9780198506133 (hardcover) | ||
| 028 | 4 | 2 |
_anumerous line figures _bOxford University Press |
| 082 | _a530.412 | ||
| 090 |
_c1771 _d1771 |
||
| 100 | 1 | _aFox, Mark. | |
| 245 | 1 | 0 |
_aOptical properties of solids / _cMark Fox. |
| 250 | _a1st ed. | ||
| 260 |
_a[S.l.] : _bOxford University Press, _c2002. |
||
| 300 |
_a318 p. ; _c25 cm. |
||
| 490 | 1 | _aOxford master series in physics. | |
| 520 | _aThis book gives an introduction to the optical properties of solids, including many new topics that have not been previously covered in other solid state texts at this level. The fundamental principles of absorption, reflection, luminescence and light scattering are discussed for a wide range of materials, including crystalline insulators and semiconductors, glasses, metals, and molecular materials. Classical and quantum models are used where appropriate along with recent experimental data. Examples include semiconductor quantum wells, organic semiconductors, vibronic solid state lasers, and nonlinear optics. | ||
| 830 | 0 | _aOxford master series in physics. | |
| 942 |
_aSNS _cBK _k530.412 FOX |
||
| 999 |
_c30378 _d30378 |
||